000 00987cam a2200241 a 4500
001 000009827
005 20200929161724.0
008 970922s1996 sp a s000 0 spa
010 _a97198370
020 _a8478203206
040 _aDO-SdBNP
_cDLC
_dDLC
082 _a891.8615
_bM538m
100 1 _aMéndez Coarasa, Veremundo,
_d1897-
_924739
245 1 4 _aLos míos recuerdos /
_cVeremundo Méndez Coarasa ; edición e introducción de Tomás Buesa Oliver ; dibujos de Julio Alvar.
260 _aZaragoza :
_bGobierno de Aragon, Departamento de Educación y Cultura :
_bInstitución "Fernando el Católico",
_c1996.
300 _a607 p. :
_bill. ;
_c24 cm.
490 1 _aPublicación de la Institución "Fernando el Católico"
_v1,695
650 4 _aPoesìa checa
_924740
650 4 _aLiteratura checa
_912957
700 1 _aBuesa Oliver, Tomas.
_910574
830 0 _aPublicación ... de la Institución "Fernando el Católico" ;
_v1,695.
_914723
910 _aCatalogación por copia / LC
999 _c9586
_d9586